Marketing ecológico

Na minha lista:
Detalhes bibliográficos
Autor principal: Calomarde, José V.
Formato: Livro
Idioma:espanhol
Publicado em: Madrid Pirámide 2000
Assuntos:
Tags: Adicionar Tag
Sem tags, seja o primeiro a adicionar uma tag!

MARC

LEADER 00000nam a2200000 4500
001 c131721
005 20221221082924.9
020 |a 84-368-1426-6 
041 0 |a spa 
044 |a ES 
245 1 0 |a Marketing ecológico  |c José V. Calomarde 
264 1 |a Madrid  |b Pirámide  |c 2000 
300 |a 237 s. 
610 2 0 |a marketing 
610 2 0 |a ekológia 
610 2 0 |a ochrana prostredia životného 
100 1 |a Calomarde, José V.